La felicidad del pensamiento / (Record no. 103052)

MARC details
000 -LEADER
campo de control de longitud fija 00627nam a2200193 i 4500
001 - NÚMERO DE CONTROL
campo de control 103052
003 - IDENTIFICADOR DE NÚMERO DE CONTROL
campo de control ES-MaACL
005 - FECHA Y HORA DE LA ÚLTIMA TRANSACCIÓN
campo de control 20251111063348.0
007 - CAMPO FIJO DE DESCRIPCIÓN FÍSICA--INFORMACIÓN GENERAL
campo de control de longitud fija t|
008 - DATOS DE LONGITUD FIJA--INFORMACIÓN GENERAL
campo de control de longitud fija 060109s1854 sp ||||1| spa d
080 ## - NÚMERO DE LA CLASIFICACIÓN DECIMAL UNIVERSAL
Número de la Clasificación Decimal Universal 159.942
100 0# - ENTRADA PRINCIPAL--NOMBRE DE PERSONA
Nombre de persona Berriozabal, Juan Manuel de,
Títulos y otros términos asociados al nombre Marqués de Casajara
9 (RLIN) 28387
245 13 - MENCIÓN DEL TÍTULO
Título La felicidad del pensamiento /
Mención de responsabilidad, etc. por Juan Manuel de Berriozabal, marqués de Casajara.
260 ## - PUBLICACIÓN, DISTRIBUCIÓN, ETC.
Lugar de publicación, distribución, etc. Madrid :
Nombre del editor, distribuidor, etc. [s.n.],
Fecha de publicación, distribución, etc. 1854 (
Fabricante Impr. Viuda de Palacios)
300 ## - DESCRIPCIÓN FÍSICA
Extensión V, 199 p. ;
Dimensiones 23 cm.
650 17 - PUNTO DE ACCESO ADICIONAL DE MATERIA--TÉRMINO DE MATERIA
Término de materia o nombre geográfico como elemento de entrada Felicidad
Fuente del encabezamiento o término embne
9 (RLIN) 12743
852 ## - LOCALIZACIÓN
Ubicación ES-MaACL
Número de control de estantería G-7531
Sublocalización o colección R.136575
Holdings
Estatus retirado Estado de pérdida Estado de daño No para préstamo Colección Biblioteca de origen Biblioteca actual Ubicación en estantería Fecha de adquisición Fuente de adquisición Total de préstamos Signatura topográfica completa Código de barras Visto por última vez Precio de reemplazo Tipo de ítem Koha
        Libros del s. XIX Biblioteca del Ateneo de Madrid Biblioteca del Ateneo de Madrid Sala Pecera Planta 3 17/01/2008     G-7531 1107610 23/02/2023 23/02/2023 Libro impreso antiguo